01681nam a22003254a 4500001000400000003000800004005001700012008004100029020001800070040003100088041001300119082001500132100002300147240002400170245004800194260004000242300002100282500003000303520072100333650003301054650002501087650001801112650002401130650001601154655001701170655002001187942001501207952012001222999001301342522BR-RjBN20260522152455.0240403s2024 sp 000 f por d a9788525061003 bporaBR-IBIAcBR-IBIAerda1 aporheng a823bB873m1 aBrooks, Geraldine.10aPeople of the Book.13aAs memórias do livro /cGeraldine Brooks. aSão Paulo :bGlobo Livros,c2024. a376 p. ;c23 cm. aInspirado em fatos reais. aA especialista australiana em livros raros Hanna Heath é convocada para restaurar e investigar a famosa Hagadá de Sarajevo, manuscrito judaico resgatado durante a guerra da Bósnia. Ao encontrar pequenos vestígios escondidos entre as páginas — como manchas de vinho, cristais de sal e um fio de cabelo —, Hanna começa a reconstruir a trajetória do livro ao longo dos séculos, revelando histórias de exílio, coragem, perseguição e sobrevivência. Paralelamente à investigação histórica, a protagonista enfrenta questões pessoais e revisita os fantasmas de seu passado. Inspirado em uma história real, o romance combina narrativa histórica, mistério e drama contemporâneo. 0aLiteratura australiana.9219 0aRomance histórico. 0aLivros raros. 0aGuerra da Bósnia. 0aJudaísmo. 0aRomance.923 0aFicção.922 2ddcn0cBK 00102ddc40708FICaBIBIBbBIBIBcLEd2026-05-22l0o823 / B873mp2026-17458r2026-05-22 15:24:16w2026-05-22yBK c522d522